Songs from the First Line(s) - 1978 - Statistics

General Stats
  • This quiz has been taken 111 times
  • The average score is 17 of 30
Answer Stats
Hint Answer % Correct
Songs At first, I was afraid, I was petrified / Kept thinking I could never live without you by my side Song I Will Survive
90%
Songs I got chills, they're multiplyin' / And I'm losin' control / 'Cause the power you're supplyin' / It's electrifyin'! / You better shape up, 'cause I need a man Artist(s) Olivia Newton-John / John Travolta
89%
Songs Summer lovin', had me a blast / Summer lovin', happened so fast / Met a girl crazy for me / Met a boy cute as can be Artist(s) Olivia Newton-John / John Travolta
89%
Songs At first, I was afraid, I was petrified / Kept thinking I could never live without you by my side Artist(s) Gloria Gaynor
86%
Songs I got chills, they're multiplyin' / And I'm losin' control / 'Cause the power you're supplyin' / It's electrifyin'! / You better shape up, 'cause I need a man Song You're The One That I Want
86%
Songs Young man, there's no need to feel down. / I said, young man, pick yourself off the ground. Song YMCA
82%
Songs If you change your mind, I'm the first in line / Honey I'm still free / Take a chance on me / If you need me, let me know, gonna be around Artist(s) ABBA
81%
Songs If you change your mind, I'm the first in line / Honey I'm still free / Take a chance on me / If you need me, let me know, gonna be around Song Take A Chance On Me
80%
Songs Young man, there's no need to feel down. / I said, young man, pick yourself off the ground. Artist(s) Village People
80%
Songs (One, two) / Ah, freak out! / Le freak, c'est Chic / Freak out! / Ah, freak out! / Le freak, c'est Chic / Freak out! Song Le Freak
78%
Songs Do you remember the / 21st night of September? / Love was changing the minds of pretenders / While chasing the clouds away Song September
76%
Songs Her name was Lola, she was a showgirl / With yellow feathers in her hair and a dress cut down to there Song Copacabana (At The Copa)
75%
Songs Do you remember the / 21st night of September? / Love was changing the minds of pretenders / While chasing the clouds away Artist(s) Earth, Wind And Fire
75%
Songs Her name was Lola, she was a showgirl / With yellow feathers in her hair and a dress cut down to there Artist(s) Barry Manilow
72%
Songs (One, two) / Ah, freak out! / Le freak, c'est Chic / Freak out! / Ah, freak out! / Le freak, c'est Chic / Freak out! Artist(s) CHIC
72%
Songs On a warm summer's evening / On a train bound for nowhere / I met up with a gambler / We were both too tired to sleep Song The Gambler
67%
Songs On a warm summer's evening / On a train bound for nowhere / I met up with a gambler / We were both too tired to sleep Artist(s) Kenny Rogers
64%
Songs Summer lovin', had me a blast / Summer lovin', happened so fast / Met a girl crazy for me / Met a boy cute as can be Song Summer Nights
59%
Songs Listen to the ground: / There is movement all around / There is something goin' down / And I can feel it Artist(s) Bee Gees
36%
Songs Out on the wiley, windy moors / We'd roll and fall in green / You had a temper like my jealousy / Too hot, too greedy Artist(s) Kate Bush
35%
Songs I solve my problems and I see the light / We got a lovin' thing, we gotta feed it right / There ain't no danger we can go too far Song Grease
34%
Songs Out on the wiley, windy moors / We'd roll and fall in green / You had a temper like my jealousy / Too hot, too greedy Song Wuthering Heights
34%
Songs Listen to the ground: / There is movement all around / There is something goin' down / And I can feel it Song Night Fever
28%
Songs I'm wishin' on a star / To follow where you are / I'm wishin' on a dream / To follow what it means Song Wishing On A Star
21%
Songs If you're thinkin' you're too cool to boogie / Boy, oh boy, have I got news for you / Everybody here tonight must boogie Song Boogie Oogie Oogie
20%
Songs I solve my problems and I see the light / We got a lovin' thing, we gotta feed it right / There ain't no danger we can go too far Artist(s) Frankie Valli
19%
Songs I'm wishin' on a star / To follow where you are / I'm wishin' on a dream / To follow what it means Artist(s) Rose Royce
19%
Songs If you're thinkin' you're too cool to boogie / Boy, oh boy, have I got news for you / Everybody here tonight must boogie Artist(s) A Taste Of Honey
14%
Songs You got me looking at that heaven in your eyes / I was chasing your direction, I was telling you no lies / And I was loving you Artist(s) Andy Gibb
13%
Songs You got me looking at that heaven in your eyes / I was chasing your direction, I was telling you no lies / And I was loving you Song Shadow Dancing
12%
No matching quizzes found
Score Distribution
Percent of People with Each Score
Percentile by Number Answered
Your Score History
You have not taken this quiz